Statistics for Lyrics to Slow Hands by Niall Horan

Click here to take the quiz!

General Stats

  • This quiz has been taken 634 times
  • The average score is 234 of 273

Answer Stats

Lyrics% Correct
Slow
99%
slow
99%
hands
98%
I
97%
you
97%
a
95%
that
93%
That
93%
baby
92%
my
92%
No
92%
no
92%
dirty
91%
to
91%
laundry
90%
the
90%
want
90%
do
89%
dripping
89%
Like
89%
sweat
89%
Take
89%
take
89%
We
89%
this
88%
Yeah
88%
yeah
88%
back
87%
chance
87%
know
87%
with
87%
I'm
86%
me
86%
place
86%
And
85%
and
85%
here
85%
on
85%
she
85%
should
85%
without
85%
bad
84%
what
84%
'Cause
83%
face
83%
leaving
83%
said
83%
That's
82%
all
81%
Your
81%
be
80%
down
80%
right
80%
stoppin'
78%
there
77%
our
76%
ain't
75%
already
74%
plans
74%
night
73%
those
73%
could
72%
home
70%
time
70%
Wanna
69%
wanna
69%
day
68%
feel
68%
it
68%
can't
67%
Can't
67%
just
66%
same
66%
show
66%
way
66%
hope
65%
I've
65%
been
64%
Fingertips
63%
puttin'
63%
thinking
63%
'bout
62%
say
60%
alone
59%
now
58%
so
57%
tell
56%
Got
53%
Ooh
32%

Score Distribution

Percentile by Number Answered

Percent of People with Each Score

Your Score History

You have not taken this quiz